000 00313nam a2200133Ia 4500
005 20251222143108.0
008 251222s9999||||xx |||||||||||||| ||spa||
020 _a84-95787-15-6
082 _a658.406/D96
100 _aDuck, Jeanie Daniel
245 0 _aEl Monstruo de Cambio:
264 _bUrano
942 _cLIB
999 _c11062
_d11062